Sustainable energy for all status report : tracking progress in the Asia and the Pacific : a summary report /

Bibliographic Details
Corporate Author: Asian Development Bank, (Author)
Format: eBook
Language:English
Published: Manila, Philippines : Asian Development Bank, 2015.
Subjects:
Online Access:Click to View
LEADER 01827nam a2200421 i 4500
001 EBC4453828
003 MiAaPQ
005 20200520144314.0
006 m o d |
007 cr cnu||||||||
008 160625t20152015ph ob 000 0 eng d
020 |z 9789292571115 
020 |a 9789292571122 (e-book) 
035 |a (MiAaPQ)EBC4453828 
035 |a (Au-PeEL)EBL4453828 
035 |a (CaPaEBR)ebr11176034 
035 |a (CaONFJC)MIL903367 
035 |a (OCoLC)945038852 
040 |a MiAaPQ  |b eng  |e rda  |e pn  |c MiAaPQ  |d MiAaPQ 
050 4 |a QC73  |b .A853 2015 
082 0 |a 531.6  |2 23 
110 2 |a Asian Development Bank,  |e author. 
245 1 0 |a Sustainable energy for all status report :  |b tracking progress in the Asia and the Pacific : a summary report /  |c Asian Development Bank. 
264 1 |a Manila, Philippines :  |b Asian Development Bank,  |c 2015. 
264 4 |c 2015 
300 |a 1 online resource (70 pages) 
336 |a text  |2 rdacontent 
337 |a computer  |2 rdamedia 
338 |a online resource  |2 rdacarrier 
504 |a Includes bibliographical references. 
588 |a Description based on online resource; title from PDF title page (ebrary, viewed June 22, 2016). 
590 |a Electronic reproduction. Ann Arbor, MI : ProQuest, 2016. Available via World Wide Web. Access may be limited to ProQuest affiliated libraries. 
650 0 |a Force and energy. 
650 0 |a Energy consumption. 
655 4 |a Electronic books. 
776 0 8 |i Print version:  |a Asian Development Bank.  |t Sustainable energy for all status report : tracking progress in the Asia and the Pacific : a summary report.  |d Manila, Philippines : Asian Development Bank, c2015   |h 54 pages   |z 9789292571115 
797 2 |a ProQuest (Firm) 
856 4 0 |u https://ebookcentral.proquest.com/lib/matrademy/detail.action?docID=4453828  |z Click to View